Clinical chemistry : interpretation and techniques /
Guardado en:
| Autor Principal: | |
|---|---|
| Otros Autores: | |
| Formato: | Libro |
| Idioma: | English |
| Publicado: |
Philadelphia :
Lea & Febiger,
1979.
|
| Materias: | |
| Etiquetas: |
Agregar Etiqueta
Sin Etiquetas, Sea el primero en etiquetar este registro!
|
| LEADER | 00750cam a22002175a 4500 | ||
|---|---|---|---|
| 001 | EIQ.libpla000157 | ||
| 008 | 780508s1979####paua#####b####001#0#eng#d | ||
| 005 | 20060509164531.0 | ||
| 245 | 1 | 0 | |a Clinical chemistry : |b interpretation and techniques / |c Alex Kaplan and LaVerne L. Szabo. |
| 260 | |a Philadelphia : |b Lea & Febiger, |c 1979. | ||
| 300 | |a xvii, 440 p. : |b il. ; |c 27 cm. | ||
| 504 | |a Incluye referencias bibliográficas e índice. | ||
| 020 | |a 0812106245 | ||
| 100 | 1 | |a Kaplan, Alex, |d 1910- | |
| 700 | 1 | |a Szabo, LaVerne L. | |
| 082 | 0 | 0 | |a 616.07/56 |
| 650 | 4 | |a Clínica química |x Técnicas. | |
| 650 | 4 | |a Clinical chemistry |x Techniques. | |
| 010 | |a 78009698 | ||
| 040 | |a DLC |c DLC |d AR-BbSID | ||
| 859 | |a AR-BbSID |b BIB. PLAPIQUI |h 616.0756 |i Ka 11 |p 5795 | ||
